LEADER 01326nam--2200385---450- 001 990002919420203316 005 20070629094210.0 010 $a978-92-79-04805-0 035 $a000291942 035 $aUSA01000291942 035 $a(ALEPH)000291942USA01 035 $a000291942 100 $a20070509d2007----km-y0itaa50------ba 101 0 $aeng 102 $aLU 105 $aa---z---001yy 200 1 $aFP7 in brief$ehow to get involved in the EU 7th Framework Programme for Research$ea pocket guide for newcomers$fEuropean Commission 210 $aLuxembourg$cOffice for official publications of the European Communities$d2007 215 $a31 p.$cill.$d15 cm 225 2 $aCommunity research 410 1$12001$aCommunity research 606 0 $aRicerca scientifica$yPaesi della Comunità europea$xProgrammi 676 $a507.204 699 $a18.01$bRicerca scientifica e tecnica 710 02$aCommissione europea :$bDirezione generale Ricerca$0542713 801 0$aIT$bsalbc$gISBD 912 $a990002919420203316 951 $aCDE 18.01 (XVII)$bCDE 1255$cCDE 18.01$d00149292 959 $aBK 969 $aCDE 979 $aMARIAS$b90$c20070509$lUSA01$h0959 979 $aMARIAS$b90$c20070629$lUSA01$h0942 979 $aMARIAS$b90$c20140730$lUSA01$h1439 996 $aFP7 in brief$91029735 997 $aUNISA LEADER 01052nam 2200373 450 001 9910490741303321 005 20221018125932.0 010 $a1-83962-849-9 035 $a(CKB)4100000011987807 035 $a(NjHacI)994100000011987807 035 $a(EXLCZ)994100000011987807 100 $a20221018d2021 uy 0 101 0 $aeng 135 $aur||||||||||| 181 $ctxt$2rdacontent 182 $cc$2rdamedia 183 $acr$2rdacarrier 200 00$aVeganism $ea fashion trend or food as a medicine /$fedited by Miljana Z. Jovandaric 210 1$aLondon, England :$cIntechOpen,$d[2021] 210 4$d©2021 215 $a1 online resource (112 pages) $cillustrations 311 $a1-83962-848-0 320 $aIncludes bibliographical references. 517 $aVeganism 606 $aVeganism 615 0$aVeganism. 676 $a641.5636 702 $aJovandaric$b Miljana Z. 801 0$bNjHacI 801 1$bNjHacl 906 $aBOOK 912 $a9910490741303321 996 $aVeganism$92959147 997 $aUNINA